000 00681cam a2200193 a 4500
001 000009573
005 20200929161629.0
008 920701s1992 pr a 001 j spa
020 _a0865814627
040 _aDO-SdBNP
_cDLC
082 _aH863
_bM385d
100 1 _aMartínez Tolentino, Jaime.
_924411
245 1 0 _aDesde el fondo del caracol y otros cuentos taínos /
_cJaime Martínez-Tolentino.
260 _aSan Juan, (Puerto Rico) :
_bInstituto de Cultura Puertorriqueña,
_c1992.
300 _a159 p. :
_bil. ;
_c21 cm.
650 4 _aCuentos populares hispanoamericanos
_924412
650 4 _aLiteratura popular hispanoamericana
_924413
910 _aCatalogación por copia / LC
999 _c9333
_d9333